<?xml version="1.0" encoding="UTF-8"?>
<record
    xmlns:xsi="http://www.w3.org/2001/XMLSchema-instance"
    xsi:schemaLocation="http://www.loc.gov/MARC21/slim http://www.loc.gov/standards/marcxml/schema/MARC21slim.xsd"
    xmlns="http://www.loc.gov/MARC21/slim">

  <leader>03199cam a2200889   4500</leader>
  <controlfield tag="001">436451</controlfield>
  <controlfield tag="003">ItRFAO</controlfield>
  <controlfield tag="005">20200421093823.0</controlfield>
  <controlfield tag="008">080627t2008    xxu|||||  ||| 00| 0     d</controlfield>
  <datafield tag="040" ind1=" " ind2=" ">
    <subfield code="a">ItRFAO</subfield>
    <subfield code="d">ItRFAO</subfield>
  </datafield>
  <datafield tag="041" ind1="0" ind2=" ">
    <subfield code="a">rus</subfield>
  </datafield>
  <datafield tag="084" ind1=" " ind2=" ">
    <subfield code="a">374:63 Q1(Ru)</subfield>
    <subfield code="9">98982</subfield>
  </datafield>
  <datafield tag="084" ind1=" " ind2=" ">
    <subfield code="a">374:63 Q1(Ru)</subfield>
    <subfield code="9">98982</subfield>
  </datafield>
  <datafield tag="546" ind1=" " ind2=" ">
    <subfield code="a">Russian</subfield>
  </datafield>
  <datafield tag="100" ind1=" " ind2=" ">
    <subfield code="a">Qamar, M.K.</subfield>
    <subfield code="9">1059</subfield>
  </datafield>
  <datafield tag="110" ind1=" " ind2=" ">
    <subfield code="a">FAO, Rome (Italy). Research and Extension Div.</subfield>
    <subfield code="l">eng</subfield>
    <subfield code="9">1060</subfield>
  </datafield>
  <datafield tag="242" ind1="0" ind2="0">
    <subfield code="a">Modernizing national agricultural extension systems. A practical guide for policy-makers of developing countries</subfield>
  </datafield>
  <datafield tag="245" ind1="0" ind2="0">
    <subfield code="a"> &#x41C;&#x41E;&#x414;&#x415;&#x420;&#x41D;&#x418;&#x417;&#x410;&#x426;&#x418;&#x42F; &#x41D;&#x410;&#x426;&#x418;&#x41E;&#x41D;&#x410;&#x41B;&#x42C;&#x41D;&#x42B;&#x425; &#x421;&#x418;&#x421;&#x422;&#x415;&#x41C; &#x420;&#x410;&#x421;&#x41F;&#x420;&#x41E;&#x421;&#x422;&#x420;&#x410;&#x41D;&#x415;&#x41D;&#x418;&#x42F; &#x417;&#x41D;&#x410;&#x41D;&#x418;&#x419; &#x41F;&#x41E; &#x412;&#x41E;&#x41F;&#x420;&#x41E;&#x421;&#x410;&#x41C; &#x421;&#x415;&#x41B;&#x42C;&#x421;&#x41A;&#x41E;&#x413;&#x41E; &#x425;&#x41E;&#x417;&#x42F;&#x419;&#x421;&#x422;&#x412;&#x410;</subfield>
  </datafield>
  <datafield tag="260" ind1=" " ind2=" ">
    <subfield code="a">Rome (Italy)</subfield>
    <subfield code="b">FAO</subfield>
    <subfield code="c">2008</subfield>
  </datafield>
  <datafield tag="300" ind1=" " ind2=" ">
    <subfield code="a">79 p.</subfield>
  </datafield>
  <datafield tag="336" ind1=" " ind2=" ">
    <subfield code="2">ItRFAO</subfield>
    <subfield code="a">Monograph</subfield>
  </datafield>
  <datafield tag="336" ind1=" " ind2=" ">
    <subfield code="2">ItRFAO</subfield>
    <subfield code="a">Summary</subfield>
  </datafield>
  <datafield tag="336" ind1=" " ind2=" ">
    <subfield code="2">ItRFAO</subfield>
    <subfield code="a">Handbook</subfield>
  </datafield>
  <datafield tag="336" ind1=" " ind2=" ">
    <subfield code="2">ItRFAO</subfield>
    <subfield code="a">Documents</subfield>
  </datafield>
  <datafield tag="338" ind1=" " ind2=" ">
    <subfield code="2">ItRFAO</subfield>
    <subfield code="a">Books</subfield>
  </datafield>
  <datafield tag="520" ind1=" " ind2=" ">
    <subfield code="a">Summary (Ru)</subfield>
  </datafield>
  <datafield tag="650" ind1="1" ind2="7">
    <subfield code="2">agrovoc</subfield>
    <subfield code="a">Agricultural extension</subfield>
    <subfield code="9">1061</subfield>
  </datafield>
  <datafield tag="650" ind1="1" ind2="7">
    <subfield code="2">agrovoc</subfield>
    <subfield code="a">EXTENSION ACTIVITIES</subfield>
    <subfield code="9">1062</subfield>
  </datafield>
  <datafield tag="650" ind1="1" ind2="7">
    <subfield code="2">agrovoc</subfield>
    <subfield code="a">AGRICULTURAL DEVELOPMENT</subfield>
    <subfield code="9">1063</subfield>
  </datafield>
  <datafield tag="650" ind1="1" ind2="7">
    <subfield code="2">agrovoc</subfield>
    <subfield code="a">MODERNIZATION</subfield>
    <subfield code="9">1064</subfield>
  </datafield>
  <datafield tag="650" ind1="1" ind2="7">
    <subfield code="2">agrovoc</subfield>
    <subfield code="a">SUSTAINABLE DEVELOPMENT</subfield>
    <subfield code="9">1065</subfield>
  </datafield>
  <datafield tag="650" ind1="2" ind2="7">
    <subfield code="2">agrovoc</subfield>
    <subfield code="a">FOOD SECURITY</subfield>
  </datafield>
  <datafield tag="650" ind1="2" ind2="7">
    <subfield code="2">agrovoc</subfield>
    <subfield code="a">GLOBALIZATION</subfield>
    <subfield code="9">1067</subfield>
  </datafield>
  <datafield tag="650" ind1="2" ind2="7">
    <subfield code="2">agrovoc</subfield>
    <subfield code="a">POVERTY</subfield>
  </datafield>
  <datafield tag="650" ind1="2" ind2="7">
    <subfield code="2">agrovoc</subfield>
    <subfield code="a">AIDS</subfield>
    <subfield code="9">1069</subfield>
  </datafield>
  <datafield tag="650" ind1="2" ind2="7">
    <subfield code="2">agrovocf</subfield>
    <subfield code="a">SECURITE ALIMENTAIRE</subfield>
  </datafield>
  <datafield tag="650" ind1="2" ind2="7">
    <subfield code="2">agrovocf</subfield>
    <subfield code="a">MONDIALISATION</subfield>
    <subfield code="9">1071</subfield>
  </datafield>
  <datafield tag="650" ind1="2" ind2="7">
    <subfield code="2">agrovocf</subfield>
    <subfield code="a">PAUVRETE</subfield>
  </datafield>
  <datafield tag="650" ind1="2" ind2="7">
    <subfield code="2">agrovocf</subfield>
    <subfield code="a">SIDA (MALADIE)</subfield>
    <subfield code="9">1073</subfield>
  </datafield>
  <datafield tag="650" ind1="1" ind2="7">
    <subfield code="2">agrovocf</subfield>
    <subfield code="a">VULGARISATION AGRICOLE</subfield>
    <subfield code="9">1074</subfield>
  </datafield>
  <datafield tag="650" ind1="1" ind2="7">
    <subfield code="2">agrovocf</subfield>
    <subfield code="a">VULGARISATION</subfield>
  </datafield>
  <datafield tag="650" ind1="1" ind2="7">
    <subfield code="2">agrovocf</subfield>
    <subfield code="a">DEVELOPPEMENT AGRICOLE</subfield>
    <subfield code="9">1076</subfield>
  </datafield>
  <datafield tag="650" ind1="1" ind2="7">
    <subfield code="2">agrovocf</subfield>
    <subfield code="a">MODERNISATION</subfield>
    <subfield code="9">1077</subfield>
  </datafield>
  <datafield tag="650" ind1="1" ind2="7">
    <subfield code="2">agrovocf</subfield>
    <subfield code="a">DEVELOPPEMENT DURABLE</subfield>
    <subfield code="9">1078</subfield>
  </datafield>
  <datafield tag="650" ind1="2" ind2="7">
    <subfield code="2">agrovocs</subfield>
    <subfield code="a">SEGURIDAD ALIMENTARIA</subfield>
  </datafield>
  <datafield tag="650" ind1="2" ind2="7">
    <subfield code="2">agrovocs</subfield>
    <subfield code="a">GLOBALIZACION</subfield>
    <subfield code="9">1080</subfield>
  </datafield>
  <datafield tag="650" ind1="2" ind2="7">
    <subfield code="2">agrovocs</subfield>
    <subfield code="a">POBREZA</subfield>
  </datafield>
  <datafield tag="650" ind1="2" ind2="7">
    <subfield code="2">agrovocs</subfield>
    <subfield code="a">SIDA (ENFERMEDAD)</subfield>
    <subfield code="9">1082</subfield>
  </datafield>
  <datafield tag="650" ind1="1" ind2="7">
    <subfield code="2">agrovocs</subfield>
    <subfield code="a">EXTENSION AGRICOLA</subfield>
    <subfield code="9">1083</subfield>
  </datafield>
  <datafield tag="650" ind1="1" ind2="7">
    <subfield code="2">agrovocs</subfield>
    <subfield code="a">EXTENSION</subfield>
  </datafield>
  <datafield tag="650" ind1="1" ind2="7">
    <subfield code="2">agrovocs</subfield>
    <subfield code="a">DESARROLLO AGRICOLA</subfield>
    <subfield code="9">1085</subfield>
  </datafield>
  <datafield tag="650" ind1="1" ind2="7">
    <subfield code="2">agrovocs</subfield>
    <subfield code="a">MODERNIZACION</subfield>
    <subfield code="9">1086</subfield>
  </datafield>
  <datafield tag="650" ind1="1" ind2="7">
    <subfield code="2">agrovocs</subfield>
    <subfield code="a">DESARROLLO SOSTENIBLE</subfield>
    <subfield code="9">1087</subfield>
  </datafield>
  <datafield tag="651" ind1=" " ind2="7">
    <subfield code="2">agrovoc</subfield>
    <subfield code="a">Developing countries</subfield>
  </datafield>
  <datafield tag="651" ind1=" " ind2="7">
    <subfield code="2">agrovocf</subfield>
    <subfield code="a">PAYS EN DEVELOPPEMENT</subfield>
  </datafield>
  <datafield tag="651" ind1=" " ind2="7">
    <subfield code="2">agrovocs</subfield>
    <subfield code="a">PAISES EN DESARROLLO</subfield>
  </datafield>
  <datafield tag="690" ind1=" " ind2="7">
    <subfield code="2">agrissce</subfield>
    <subfield code="a">C20-Extension</subfield>
  </datafield>
  <datafield tag="690" ind1=" " ind2="7">
    <subfield code="2">agrissce</subfield>
    <subfield code="a">E14-Development economics and policies</subfield>
  </datafield>
  <datafield tag="692" ind1=" " ind2=" ">
    <subfield code="a">AGD</subfield>
  </datafield>
  <datafield tag="692" ind1=" " ind2=" ">
    <subfield code="a">ED</subfield>
  </datafield>
  <datafield tag="692" ind1=" " ind2=" ">
    <subfield code="a">RD</subfield>
  </datafield>
  <datafield tag="775" ind1=" " ind2=" ">
    <subfield code="e">eng</subfield>
    <subfield code="o">433367</subfield>
  </datafield>
  <datafield tag="775" ind1=" " ind2=" ">
    <subfield code="e">fre</subfield>
    <subfield code="o">433369</subfield>
  </datafield>
  <datafield tag="775" ind1=" " ind2=" ">
    <subfield code="e">ara</subfield>
    <subfield code="o">433371</subfield>
  </datafield>
  <datafield tag="856" ind1=" " ind2=" ">
    <subfield code="u">ftp://ftp.fao.org/docrep/fao/010/a0219r/a0219r00.pdf</subfield>
  </datafield>
  <datafield tag="856" ind1=" " ind2=" ">
    <subfield code="u">http://www.fao.org/docrep/011/a0219f/a0219f00.htm</subfield>
    <subfield code="z">French</subfield>
  </datafield>
  <datafield tag="856" ind1=" " ind2=" ">
    <subfield code="u">http://www.fao.org/docrep/008/a0219e/a0219e00.htm</subfield>
    <subfield code="z">English</subfield>
  </datafield>
  <datafield tag="856" ind1=" " ind2=" ">
    <subfield code="u">http://www.fao.org/docrep/011/a0219r/a0219r00.htm</subfield>
    <subfield code="z">Russian</subfield>
  </datafield>
  <datafield tag="856" ind1=" " ind2=" ">
    <subfield code="u">http://www.fao.org/docrep/011/a0219a/a0219a00.htm</subfield>
    <subfield code="z">Arabic</subfield>
  </datafield>
  <datafield tag="919" ind1=" " ind2=" ">
    <subfield code="a">AGRIS</subfield>
    <subfield code="a">FAO document</subfield>
    <subfield code="a">Library material</subfield>
  </datafield>
  <datafield tag="942" ind1=" " ind2=" ">
    <subfield code="n">0</subfield>
    <subfield code="c">MX</subfield>
  </datafield>
  <datafield tag="999" ind1=" " ind2=" ">
    <subfield code="c">233</subfield>
    <subfield code="d">233</subfield>
  </datafield>
  <datafield tag="952" ind1=" " ind2=" ">
    <subfield code="0">0</subfield>
    <subfield code="1">0</subfield>
    <subfield code="4">0</subfield>
    <subfield code="7">0</subfield>
    <subfield code="8">REF</subfield>
    <subfield code="a">FPL</subfield>
    <subfield code="b">FPL</subfield>
    <subfield code="c">GEN</subfield>
    <subfield code="d">2014-09-04</subfield>
    <subfield code="p">39999000010114</subfield>
    <subfield code="r">2014-09-04 00:00:00</subfield>
    <subfield code="w">2014-09-04</subfield>
    <subfield code="y">BK</subfield>
  </datafield>
  <datafield tag="952" ind1=" " ind2=" ">
    <subfield code="0">0</subfield>
    <subfield code="1">0</subfield>
    <subfield code="4">0</subfield>
    <subfield code="7">0</subfield>
    <subfield code="8">REF</subfield>
    <subfield code="a">FPL</subfield>
    <subfield code="b">FPL</subfield>
    <subfield code="c">GEN</subfield>
    <subfield code="d">2014-09-04</subfield>
    <subfield code="p">39999000010138</subfield>
    <subfield code="r">2014-09-04 00:00:00</subfield>
    <subfield code="w">2014-09-04</subfield>
    <subfield code="y">BK</subfield>
  </datafield>
  <datafield tag="952" ind1=" " ind2=" ">
    <subfield code="0">0</subfield>
    <subfield code="1">0</subfield>
    <subfield code="4">0</subfield>
    <subfield code="7">0</subfield>
    <subfield code="8">REF</subfield>
    <subfield code="a">MPL</subfield>
    <subfield code="b">MPL</subfield>
    <subfield code="c">GEN</subfield>
    <subfield code="d">2014-09-04</subfield>
    <subfield code="p">39999000010152</subfield>
    <subfield code="r">2014-09-04 00:00:00</subfield>
    <subfield code="w">2014-09-04</subfield>
    <subfield code="y">BK</subfield>
  </datafield>
</record>
